书目信息 |
| 题名: |
仪器分析试验
|
|
| 作者: | 刘小珍 编 | |
| 分册: | ||
| 出版信息: | 北京 化学工业出版社 1988.06 |
|
| 页数: | 202页 | |
| 开本: | 32开 | |
| 丛书名: | ||
| 单 册: | ||
| 中图分类: | O657-33 | |
| 科图分类: | ||
| 主题词: | 分析化学 , 分析(化学) | |
| 电子资源: | ||
| ISBN: | ||
| 000 | 00546nam0 2200205 45 | |
| 001 | 0006201040 | |
| 005 | 20000620105805.9 | |
| 010 | @d1.05元 | |
| 100 | @a20000620d1988 km y0chiy0120 ea | |
| 101 | 0 | @achi |
| 105 | @a z 000yy | |
| 200 | 1 | @a仪器分析试验@AYi Qi Fen Xi Shi Yan@f刘小珍编@FLiu Xiao Zhen Bian |
| 210 | @a北京@c化学工业出版社@d1988.06 | |
| 215 | @a202页@d32开 | |
| 606 | 0 | @a分析化学 |
| 606 | 0 | @a分析(化学) |
| 690 | @aO657-33@v3 | |
| 701 | 0 | @a刘小珍@4编 |
| 801 | @aCN@bPftUser@c20000620 | |
| 905 | @b208884@dO657-33@eL980@f1 | |
| 仪器分析试验/刘小珍编.-北京:化学工业出版社,1988.06 |
| 202页;32开 |
| ISBN :1.05元 |
| ● |
| 相关链接 |
|
|
|
正题名:仪器分析试验
索取号:O657-33/L980
 
预约/预借
| 序号 | 登录号 | 条形码 | 馆藏地/架位号 | 状态 | 备注 |
| 1 | 208884 | 202088846 | 自科二线504/401自科库 64排2列5层/ [索取号:O657-33/L980] | 在馆 |